Logo BPK

Bibliografia Prac Pracowników

Politechniki Koszalińskiej

Inwestycje w gospodarstwach młodych rolników Polski Północnej / (Rekord nr 10166)

Szczegóły MARC
000 -ETYKIETA REKORDU
podpole kontrolne o stałej długości 01420nam a2200313 i 4500
001 - NUMER KONTROLNY REKORDU
podpole kontrolne 10166
003 - IDENTYFIKATOR NUMERU KONTROLNEGO REKORDU
podpole kontrolne KOSZ 005
005 - DATA OSTATNIEJ MODYFIKACJI REKORDU
podpole kontrolne 20180424144109.0
008 - POLE O STAŁEJ DŁUGOŚCI - DANE KONTROLNE
podpole kontrolne o stałej długości 020202s2002 pl f |000 0 pol
022 ## - MIĘDZYNARODOWY ZNORMALIZOWANY NUMER WYDAWNICTW CIĄGŁYCH - ISSN
ISSN 02397129
040 ## - ŹRÓDŁO KATALOGOWANIA
Instytucja, która utworzyła rekord BPK
Instytucja, która dokonała modyfikacji KOSZ 005/EG
041 ## - KOD JĘZYKA
Kod języka tekstu pol
044 ## - KOD KRAJU WYDAWCY/PRODUCENTA
Kod kraju wydawcy/producenta POL
080 ## - UNIWERSALNA KLASYFIKACJA DZIESIĘTNA - UKD
UKD 338.43(438-17)
080 ## - UNIWERSALNA KLASYFIKACJA DZIESIĘTNA - UKD
UKD 631.16(438-17)
100 1# - NAZWA OSOBOWA
Nazwa osobowa GOŁĘBIOWSKA, Urszula Elżbieta.
Lata pracy 1997 - .
Instytucja Politechnika Koszalińska - Instytut Ekonomii i Zarządzania,
Wydział Zakład Marketingu
245 10 - TYTUŁ/ODPOWIEDZIALNOŚĆ
Tytuł Inwestycje w gospodarstwach młodych rolników Polski Północnej /
Pozostałe elementy strefy tytułu i oznaczenia odpowiedzialności Urszula E. Gołębiowska.
260 ## - STREFA ADRESU WYDAWNICZEGO
Miejsce wydania Koszalin :
Nazwa wydawcy/dystrybutora Wydaw. Uczelniane Politechniki Koszalińskiej,
Data publikacji, dystrybucji/powstania dokumentu 2002.
300 ## - STREFA OPISU FIZYCZNEGO
Objętość 105 s. :
Inne cechy fizyczne wykr. ;
Rozmiary 24 cm.
490 1# - STREFA SERII I DOKUMENTU WIELOCZĘŚCIOWEGO - FORMA NIE DO WYSZUKIWANIA
Tytuł i oznaczenie odpowiedzialności serii Monografia Wydziału Ekonomii i Zarządzania / Politechnika Koszalińska,
ISSN 0239-7129 ;
Numeracja w obrębie serii nr 92
500 ## - UWAGI OGÓLNE
Tekst uwagi ISSN 0239-7129 oraz nr 92 kontynuuje numerację serii pierwotnej: Monografie / Wyższa Szkoła Inżynierska w Koszalinie.
504 ## - UWAGA DOTYCZACA BIBLIOGRAFII
Informacje o bibliografii Bibliogr.
650 #0 - HASŁO PRZEDMIOTOWE W FORMIE NAZWY OGÓLNEJ LUB JEDNOSTKOWEJ
Nazwa ogólna lub geograficzna Rolnictwo.
650 #0 - HASŁO PRZEDMIOTOWE W FORMIE NAZWY OGÓLNEJ LUB JEDNOSTKOWEJ
Nazwa ogólna lub geograficzna Inwestycje.
830 ## - HASŁO DODATKOWE SERII LUB DOKUMENTU WIELOCZĘŚCIOWEGO - TYTUŁ UJEDNOLICONY
Tytuł ujednolicony Monografia Wydziału Ekonomii i Zarządzania - Politechnika Koszalińska ;
Oznaczenie tomu nr 92
856 ## - LOKALIZACJA I DOSTĘP DO ELEKTRONICZNYCH DOKUMENTÓW ZDALNYCH
Link (URL) http://dlibra.tu.koszalin.pl/dlibra/docmetadata?id=118&from=&dirids=1&ver_id=&lp=1&QI=
Tekst linku Biblioteka Cyfrowa
856 ## - LOKALIZACJA I DOSTĘP DO ELEKTRONICZNYCH DOKUMENTÓW ZDALNYCH
Link (URL) http://koha.tu.koszalin.pl/cgi-bin/koha/opac-detail.pl?biblionumber=51065
Tekst linku Katalog online BPK
942 ## - HASŁO DODATKOWE - ELEMENTY(KOHA)
Typ dokumentu Książka
Schemat klasyfikacji Uniwersalna klasyfikacja dziesiętna

Brak dostępnych egzemplarzy.

© 2014 Biblioteka Politechniki Koszalińskiej :: BIBLIOGRAFIA PRAC PRACOWNIKÓW